Studies in modern drama / (Record no. 20461)
[ view plain ]
| 000 -LEADER | |
|---|---|
| fixed length control field | 00800cam a2200253 4500 |
| 001 - CONTROL NUMBER | |
| control field | 20461 |
| 003 - CONTROL NUMBER IDENTIFIER | |
| rucl marc code | BD-RjUL |
| 005 - DATE AND TIME OF LATEST TRANSACTION | |
| control field | 20211209000552.0 |
| 008 - FIXED-LENGTH DATA ELEMENTS--GENERAL INFORMATION | |
| fixed length control field | 140203s1971 le b 000 0 eng d |
| 035 ## - SYSTEM CONTROL NUMBER | |
| System control number | (BD-RjUL)20523 |
| 040 ## - CATALOGING SOURCE | |
| Original cataloging agency | DLC |
| Transcribing agency | DLC |
| Modifying agency | DLC |
| Language of cataloging | eng |
| 041 ## - LANGUAGE CODE | |
| Language code of text/sound track or separate title | eng |
| 082 00 - DEWEY DECIMAL CLASSIFICATION NUMBER | |
| Classification number | 809.2 |
| Author mark and year | MES V-1 1971 |
| 100 1# - MAIN ENTRY--PERSONAL NAME | |
| Personal name | Metwally, Abdalla A. |
| 9 (RLIN) | 63096 |
| 245 10 - TITLE STATEMENT | |
| Title | Studies in modern drama / |
| Statement of responsibility, etc. | by Abdalla A. Metwally. |
| Number of part/section of a work | Vol 1 |
| 260 ## - PUBLICATION, DISTRIBUTION, ETC. (IMPRINT) | |
| Place of publication, distribution, etc. | Beirut : |
| Name of publisher, distributor, etc. | Beirut Arab University, |
| Date of publication, distribution, etc. | 1971 |
| 300 ## - PHYSICAL DESCRIPTION | |
| Pagination | x,142p. ; |
| Size | 20 cm. |
| 504 ## - BIBLIOGRAPHY, ETC. NOTE | |
| Bibliography, etc | Includes bibliographies. |
| 505 1# - FORMATTED CONTENTS NOTE | |
| Formatted contents note | v. 1. [without special title]. --v. 4. Antonin Artaud's theatre / by Zeinab M. Raafat. |
| 650 #0 - SUBJECT ADDED ENTRY--TOPICAL TERM | |
| Topical term or geographic name as entry element | Drama |
| Chronological subdivision | 20th century |
| General subdivision | History and criticism. |
| 9 (RLIN) | 63097 |
| 942 ## - ADDED ENTRY ELEMENTS (KOHA) | |
| Source of classification or shelving scheme | Dewey Decimal Classification |
| Koha item type | Books |
| Lost status | Source of classification or shelving scheme | Damaged status | Not for loan | Collection code | Permanent Location | Current Location | Shelving location | Date acquired | Source of acquisition | Total Checkouts | Full call number | Date last seen | Copy number | Koha item type |
|---|---|---|---|---|---|---|---|---|---|---|---|---|---|---|
| Dewey Decimal Classification | Added to bundle | Non-fiction | Central Library, University of Rajshahi | Central Library, University of Rajshahi | Reading Room | 19/07/1976 | Gift | 809.2 MES V-1 1971 | 01/03/2014 | C-1 | Books |